<?xml version="1.0" encoding="UTF-8"?>
<record
    xmlns:xsi="http://www.w3.org/2001/XMLSchema-instance"
    xsi:schemaLocation="http://www.loc.gov/MARC21/slim http://www.loc.gov/standards/marcxml/schema/MARC21slim.xsd"
    xmlns="http://www.loc.gov/MARC21/slim">

  <leader>00669nam a22001697a 4500</leader>
  <controlfield tag="008">250330b        |||||||| |||| 00| 0 eng d</controlfield>
  <datafield tag="020" ind1=" " ind2=" ">
    <subfield code="a">9789937114509</subfield>
  </datafield>
  <datafield tag="082" ind1=" " ind2=" ">
    <subfield code="2">23rd.</subfield>
    <subfield code="a">N305.8</subfield>
    <subfield code="b">M353h</subfield>
  </datafield>
  <datafield tag="100" ind1="1" ind2=" ">
    <subfield code="a">&#x92E;&#x939;&#x930;&#x94D;&#x91C;&#x928;, &#x936;&#x93E;&#x928;&#x94D;&#x924;&#x93E;</subfield>
  </datafield>
  <datafield tag="241" ind1=" " ind2=" ">
    <subfield code="a">Hakatwa: jyapuguthi / Shanta Maharjan.</subfield>
  </datafield>
  <datafield tag="245" ind1=" " ind2=" ">
    <subfield code="a">&#x939;&#x915;&#x924;&#x94D;&#x935;&#x93E;: &#x91C;&#x94D;&#x92F;&#x93E;&#x92A;&#x941;&#x917;&#x941;&#x925;&#x93F; /</subfield>
    <subfield code="c">&#x936;&#x93E;&#x928;&#x94D;&#x924;&#x93E; &#x92E;&#x939;&#x930;&#x94D;&#x91C;&#x928;.</subfield>
  </datafield>
  <datafield tag="260" ind1=" " ind2=" ">
    <subfield code="a">&#x928;&#x947;&#x92A;&#x93E;&#x932; :</subfield>
    <subfield code="b">&#x91A;&#x928;&#x94D;&#x926;&#x94D;&#x930;&#x915;&#x941;&#x92E;&#x93E;&#x930;&#x940; &#x935; &#x906;&#x936;&#x93E;&#x932;&#x93E;&#x932;,</subfield>
    <subfield code="c">&#x968;&#x966;&#x96D;&#x96F;&#x935;&#x93F;.</subfield>
  </datafield>
  <datafield tag="300" ind1=" " ind2=" ">
    <subfield code="a">218p. : ill.</subfield>
  </datafield>
  <datafield tag="650" ind1=" " ind2=" ">
    <subfield code="a">&#x928;&#x947;&#x935;&#x93E;&#x930;&#x940; &#x938;&#x902;&#x938;&#x94D;&#x915;&#x943;&#x924;&#x93F;</subfield>
  </datafield>
  <datafield tag="650" ind1=" " ind2=" ">
    <subfield code="a">&#x938;&#x902;&#x938;&#x94D;&#x915;&#x943;&#x924;&#x93F;</subfield>
  </datafield>
  <datafield tag="942" ind1=" " ind2=" ">
    <subfield code="2">ddc</subfield>
    <subfield code="c">ISBN</subfield>
  </datafield>
  <datafield tag="999" ind1=" " ind2=" ">
    <subfield code="c">121171</subfield>
    <subfield code="d">121159</subfield>
  </datafield>
  <datafield tag="952" ind1=" " ind2=" ">
    <subfield code="0">0</subfield>
    <subfield code="1">0</subfield>
    <subfield code="2">ddc</subfield>
    <subfield code="4">0</subfield>
    <subfield code="7">0</subfield>
    <subfield code="a">TUCL</subfield>
    <subfield code="b">TUCL</subfield>
    <subfield code="d">2025-03-30</subfield>
    <subfield code="l">0</subfield>
    <subfield code="o">N305.8 M353h</subfield>
    <subfield code="p">IS32583</subfield>
    <subfield code="r">2025-03-30 15:59:04</subfield>
    <subfield code="w">2025-03-30</subfield>
    <subfield code="y">ISBN</subfield>
  </datafield>
  <datafield tag="952" ind1=" " ind2=" ">
    <subfield code="0">0</subfield>
    <subfield code="1">0</subfield>
    <subfield code="2">ddc</subfield>
    <subfield code="4">0</subfield>
    <subfield code="7">0</subfield>
    <subfield code="a">TUCL</subfield>
    <subfield code="b">TUCL</subfield>
    <subfield code="d">2025-03-30</subfield>
    <subfield code="l">0</subfield>
    <subfield code="o">N305.8 M353h</subfield>
    <subfield code="p">IS32584</subfield>
    <subfield code="r">2025-03-30 15:59:04</subfield>
    <subfield code="w">2025-03-30</subfield>
    <subfield code="y">ISBN</subfield>
  </datafield>
</record>
